Sanat - "Sisilisko" - Statistics

Yleistilastot
  • Tätä visaa on pelattu 3 kertaa
  • Keskiarvotulos 10 / 80
Vastaustilastot
Vastaus % Oikein
sisilisko
100%
sisilisko
100%
Sisilisko
100%
vaan
67%
vaan
67%
vaan
67%
vaan
67%
ja
33%
33%
olla
33%
olla
33%
olla
33%
On
33%
pienen
33%
pienen
33%
pieni
33%
pieni
33%
se
33%
se
33%
vois
33%
aivan
0%
ei
0%
ei
0%
ei
0%
ei
0%
elo
0%
et
0%
haittaa
0%
haittaa
0%
hentoinen
0%
hirmuinen
0%
hurjat
0%
iltaisin
0%
joskus
0%
ketään
0%
koskaan
0%
kymmenmetrisen
0%
lohikäärme
0%
lohikäärme
0%
lohikäärme
0%
maan
0%
maan
0%
miksei
0%
millaista
0%
mullakin
0%
musta
0%
musta
0%
niinkuin
0%
ois
0%
olen
0%
olet
0%
ollenkaan
0%
ollenkaan
0%
päällä
0%
päällä
0%
pelkää
0%
rohkeutta
0%
0%
sinä
0%
sulla
0%
sullakin
0%
suuren
0%
suuren
0%
suuri
0%
suuri
0%
täällä
0%
täällä
0%
tahdon
0%
tahdon
0%
tämän
0%
tämän
0%
tieni
0%
tieni
0%
tuliset
0%
tullutkaan
0%
tullutkaan
0%
tuumailen
0%
vipeltelen
0%
vipeltelen
0%
voimat
0%
Ehtoja vastaavia visoja ei löytynyt
Tulosjakauma
Jokaisen tuloksen saaneiden osuus
Persentiili vastausten määrän mukaan
Tuloshistoriasi
Et ole pelannut tätä visaa